000 00452nam a22001457a 4500
020 _qHard Cover.
040 _cSINES-NUST.
082 _a004
_bKHA
100 _aHafsa Khan.
_9105573
245 _aComputational study of Sulphadoxine based Schiff base and its metal complexes /
_cKhan, Hafsa
260 _aIslamabad:
_bSINES-NUST,
_c2022.
300 _a58 p. :
_bill. ;
_c35cm.
650 _xMS-Computational Science and Engineering.
942 _2ddc
_cTHE
999 _c592768
_d592768